Estado fiscal y democracia : (Registro nro. 7562)

Detalles MARC
000 -LEADER
fixed length control field 01658nam a2200229Ia 4500
003 - CONTROL NUMBER IDENTIFIER
control field OSt
005 - DATE AND TIME OF LATEST TRANSACTION
control field 20210414221633.0
008 - FIXED-LENGTH DATA ELEMENTS--GENERAL INFORMATION
fixed length control field 210310t2011 sp gr 001 0dspa d
020 ## - INTERNATIONAL STANDARD BOOK NUMBER
International Standard Book Number 9788499850511
040 ## - CATALOGING SOURCE
Original cataloging agency CO-JMCR
Transcribing agency CO-JMCR
041 0# - LANGUAGE CODE
Language code of text/sound track or separate title spa
082 04 - DEWEY DECIMAL CLASSIFICATION NUMBER
Classification number 336.2 /
Item number R934e
Edition number 23
100 1# - MAIN ENTRY--PERSONAL NAME
Personal name Ruiz-Fajardo Colomer, Ignacio,
9 (RLIN) 14789
Relator term autor
245 10 - TITLE STATEMENT
Title Estado fiscal y democracia :
Remainder of title la agencia tributaria en perspectiva /
Statement of responsibility, etc. Ignacio Ruiz-Fajardo Colomer
260 ## - PUBLICATION, DISTRIBUTION, ETC.
Place of publication, distribution, etc. Valencia :
Name of publisher, distributor, etc. Tirant lo Blanch,
Date of publication, distribution, etc. ©2011
300 ## - PHYSICAL DESCRIPTION
Other physical details 127 páginas ;
Dimensions 22 cm.
500 ## - GENERAL NOTE
General note Incluye índice de personas citadas y datos biográficos del autor.
505 0# - FORMATTED CONTENTS NOTE
Formatted contents note Objetivos del libro -- España, ejemplo de estado fiscal -- La agencia tributaria, nacimiento y desarrollo -- La agencia tributaria y sus funcionarios -- La agencia tributaria y la corrupción -- La agencia tributaria y sus principales logros -- La agencia tributaria y su agujero negro -- La agencia tributaria y los inspectores de hacienda -- La agencia tributaria y la política -- La agencia tributaria y las comunidades autónomas -- La agencia tributaria y el sueño de independencia -- La agencia tributaria y cuatro posibles reformas
520 3# - SUMMARY, ETC.
Summary, etc. En Estado Fiscal y Democracia (La agencia Tributaria en perspectiva) disecciona en profundidad lo que denomina la realidad contextual de la fiscalidad española, enmarcada en el funcionamiento de la Agencia. Lo hace volcando sus conocimientos y su experiencia, al tiempo que narrando múltiples situaciones vividas en primera persona durante su etapa de directivo de la Agencia Tributaria.
650 14 - SUBJECT ADDED ENTRY--TOPICAL TERM
Topical term or geographic name entry element Impuestos
9 (RLIN) 14791
Geographic subdivision España
942 ## - ADDED ENTRY ELEMENTS (KOHA)
Source of classification or shelving scheme Dewey Decimal Classification
Koha item type Books
Existencias
Withdrawn status Lost status Source of classification or shelving scheme Damaged status Not for loan Collection code Home library Current library Date acquired Source of acquisition Full call number Barcode Date last seen Copy number Koha item type Total Checkouts Price effective from
    Dewey Decimal Classification     Non-fiction Biblioteca Pública José María del Castillo y Rada Biblioteca Pública José María del Castillo y Rada 04/15/2018 Donación 336.2 / R934e 430004522 05/16/2024 Ej.1 Books    
    Dewey Decimal Classification     Non-fiction Biblioteca Pública José María del Castillo y Rada Biblioteca Pública José María del Castillo y Rada 04/15/2018 Donación 336.2 / R934e 430004523 05/16/2024 Ej.2 Books   04/14/2021